State of the world 1984: a worldwatch institute report on progress toward a sustainable society / (Record no. 399)

MARC details
000 -LEADER
fixed length control field 00918nam a22001937a 4500
008 - FIXED-LENGTH DATA ELEMENTS--GENERAL INFORMATION
fixed length control field 111214t xxu||||| |||| 00| 0 eng d
020 ## - INTERNATIONAL STANDARD BOOK NUMBER
International Standard Book Number 0393301761
050 ## - LIBRARY OF CONGRESS CALL NUMBER
Classification number HC59.B766
100 ## - MAIN ENTRY--PERSONAL NAME
Personal name Brown, Lester R.
245 ## - TITLE STATEMENT
Title State of the world 1984: a worldwatch institute report on progress toward a sustainable society /
Statement of responsibility, etc. Lester R. Brown, Edward Wolf and Linda Starke.
260 ## - PUBLICATION, DISTRIBUTION, ETC.
Place of publication, distribution, etc. New York:
Name of publisher, distributor, etc. London,
Date of publication, distribution, etc. c1984.
300 ## - PHYSICAL DESCRIPTION
Extent xvii, 252 p.
Other physical details ill.
Dimensions 24cm.
500 ## - GENERAL NOTE
General note Includes index
505 ## - FORMATTED CONTENTS NOTE
Formatted contents note Contents: Overview -- Stabilizing population -- Reducing dependence on oil -- Conserving soils -- Protecting forests -- Recycling materials -- Reassessing the economics of nuclear power -- Developing renewable energy -- Reconsidering the automobile's future -- Securing food supplies -- Reshaping economic policies.
650 ## - SUBJECT ADDED ENTRY--TOPICAL TERM
Topical term or geographic name entry element Economic history.
700 ## - ADDED ENTRY--PERSONAL NAME
Personal name Wolf, Edward
700 ## - ADDED ENTRY--PERSONAL NAME
Personal name Starke, Linda
942 ## - ADDED ENTRY ELEMENTS (KOHA)
Source of classification or shelving scheme Library of Congress Classification
Koha item type Books
Holdings
Withdrawn status Lost status Source of classification or shelving scheme Damaged status Not for loan Home library Current library Shelving location Date acquired Total Checkouts Full call number Barcode Date last seen Price effective from Koha item type
    Library of Congress Classification     WISCONSIN INTERNATIONAL UNIVERSITY COLLEGE, GHANA - MAIN LIBRARY WISCONSIN INTERNATIONAL UNIVERSITY COLLEGE, GHANA - MAIN LIBRARY General Stacks 14/12/2011   HC59.B766 1042/11 14/12/2011 14/12/2011 Books

If you have any concerns or questions; kindly contact the library


© Powered by WIUC ICT DIRECTORATE